| 000 | 00599nam a2200169 i 4500 | ||
|---|---|---|---|
| 001 | 151426 | ||
| 003 | ES-MaACL | ||
| 005 | 20250930063128.0 | ||
| 008 | 180212s1934 sp |||| | spa d | ||
| 100 | 1 |
_aRuiz del Castillo y Catalán de Ocón, Carlos, _d1896-1984 _9100778 |
|
| 245 | 1 | 0 |
_aDerecho político _b: obra ajustada al programa de oposiciones a judicatura de 1933 / _cpor Carlos Ruiz del Castillo. |
| 260 |
_aMadrid : _bReus, _c1934. |
||
| 300 |
_a415 p. ; _c23 cm. |
||
| 650 | 4 |
_aDerecho constitucional- _zEspaña _911682 |
|
| 852 |
_aES-MaACL _jA-1097 |
||
| 999 |
_c151426 _d151426 |
||